Statistics for Random History Questions

Click here to take the quiz!

General Stats

  • This quiz has been taken 78 times
  • The average score is 4 of 6

Answer Stats

HintAnswer% Correct
The country Columbia was called after what famous explorer Christopher Columbus
100%
What city is most commonly referred to as “The City of Light”?paris, france
82%
The biggest part of Egypt has what hot, dry climate desert
79%
Marxist revolutionary Che Guevara was born in what country?Argentina
70%
The United States Supreme Court consists of how many judges?nine
41%
What was the nickname for the four engine B-17 bomber planes used during WWII?Flying fortress
20%

Score Distribution

Percentile by Number Answered

Percent of People with Each Score

Your Score History

You have not taken this quiz